| 000 | 00416nam a2200145 i 4500 | ||
|---|---|---|---|
| 001 | bg | ||
| 245 | 0 |
_aĆwiczenia laboratoryjne z elektrotechniki teoretycznej / _cAleksander Gąsiorowski [et al.]. Cz.1. |
|
| 260 |
_aCzęstochowa, _c1982. |
||
| 700 | 1 |
_aGąsiorowski, Aleksander. _eRed. |
|
| 040 | _cBPK | ||
| 041 | _apol | ||
| 080 | _a621.3(075.8)(076) | ||
| 942 | _cKS | ||
| 008 | s pl f |000 0 pol | ||
| 999 |
_c20950 _d20950 |
||
| 856 |
_uhttp://koha.tu.koszalin.pl/cgi-bin/koha/opac-detail.pl?biblionumber=20950 _yKatalog online BPK |
||